LEADER 00956nam a2200169 i 4500 001 000000216422 003 CaOOAMICUS 005 20121019000000.0 008 121019s1856 xx u000 u lat u 013 $a195312 040 $aSeMil$bita 245 10$aDisputationum Roberti Bellarmini Politiani S. J. S. R. E. de controversiis christianae fidei adversus hujus temporis haereticos. 300 $a594 p. 773 0 $aBellarmino, Roberto $tRoberti cardinalis Bellarmini opera omnia.$bEditio 1. Neapolitana iuxta Venetam anni 1721 dicata eminentiss. cardinali Xisto Riario Sforza archyepiscopo Neapolitano.$dNeapoli : Apud Josephum Giuliano, 1856-1862.$g2$w()1310 850 $aSeMil 852 $aSeMil$W1$xVenegono$y1$m2D IV 43 FA$j166841$B166841$CSeMilBibl$Z2$F177670 $8I 996 $6245$aDisputationum Roberti Bellarmini Politiani S. J. S. R. E. de controversiis christianae fidei adversus hujus temporis haereticos$9(OLS)http://semarc/title/311191